Culture Générale - Série 2480 - Statistiques

Statistiques générales
  • Ce quiz a été pris 127 fois
  • Le résultat moyen est 5 sur 10
Statistiques - réponses
Question Réponse % Correct
Créature anthropomorphe du folklore du Népal, de l'Inde, du Bhoutan et du Tibet également appelée « abominable homme des neiges » yeti
93%
Technique d'anesthésie loco-régionale principalement utilisée pour atténuer ou supprimer les douleurs de l'accouchement et/ou en faciliter le déroulement. péridurale
82%
Selon le dicton, quelle période précède la tempête ? calme
75%
Bâton de commandement, signe d'autorité suprême, dans certaines sociétés - voir photo sceptre
71%
Chef-lieu de la Nièvre à la botte célèbre Nevers
68%
"Jeune chien à grosses pattes" quand il est nom ou "qui est lent et lourd dans ses mouvements" quand il est adjectif pataud
48%
Ce nom désigne - un cabaret parisien - la dune de sable fermant la lagune de Venise Lido
43%
Quel animateur de radio (1938-2006) restera associé à l'émission "Les routiers sont sympas" diffusée sur RTLde 1972 à 1994 ? prénom et nom Max Meynier
26%
Discours abondant (d'abord pour tromper, séduire) - 7 lettres commençant par " b " baratin
25%
Meuble rustique utilisé pour la conservation de la farine et, comme pétrin, pour la fabrication du pain maie
13%
Aucun quiz correspondant
Distribution des résultats
% des personnes avec chaque résultat
Percentile par nombre de réponses
Votre historique - résultats
Vous n’avez pas pris ce quiz